[Event "WLS-ch 61st"]
[Site "Cardiff"]
[Date "2015.04.06"]
[Round "7"]
[White "Shakespeare, John"]
[Black "Thomas, Ben"]
[Result "1-0"]
[WhiteElo "1934"]
[BlackElo "1804"]
[PlyCount "105"]
[EventDate "2015.04.03"]
[EventType "swiss"]
[EventRounds "7"]
[EventCountry "WLS"]
[SourceTitle "CBM 165 Extra"]
[Source "ChessBase"]
[SourceDate "2015.04.21"]
[SourceVersion "1"]
[SourceVersionDate "2015.04.21"]
[SourceQuality "1"]

1. d4 b6 2. Nf3 Bb7 3. c4 e6 4. a3 d5 5. cxd5 exd5 6. Nc3 Nf6 7. Bg5 Be7 8. e3 0-0 9. Bd3 c5 10. 0-0 Nbd7 11. Rc1 Kh8 12. Re1 h6 13. Bf4 a6 14. Ne5 Nxe5 15. dxe5 Ng8 16. e4 c4 17. Bb1 d4 18. Nd5 Bc5 19. Rxc4 Bxd5 20. exd5 Qxd5 21. Qd3 f5 22. b4 Be7 23. Rxd4 Qe6 24. Bd2 Rad8 25. Bc3 Rxd4 26. Qxd4 Qb3 27. Bb2 Rd8 28. Qc3 Rd1 29. Kf1 Qxc3 30. Bxc3 Rxe1+ 31. Kxe1 f4 32. Ke2 Bd8 33. Kf3 Ne7 34. Be4 g5 35. h4 Kg8 36. hxg5 hxg5 37. Kg4 Kf7 38. Bb2 Nc8 39. Bb7 Na7 40. Bxa6 Nc6 41. Bc4+ Kg6 42. Bd5 Na7 43. Be4+ Kf7 44. Kf5 Nc8 45. Bd5+ Ke8 46. Be6 Na7 47. Bb3 Nc8 48. g3 fxg3 49. fxg3 Na7 50. Bc1 Kf8 51. Bxg5 Bxg5 52. Kxg5 Nc6 53. Kf6 1-0

[Event "WLS-ch 61st"]
[Site "Cardiff"]
[Date "2015.04.06"]
[Round "6"]
[White "Thomas, Ben"]
[Black "Kett, Timothy"]
[Result "0-1"]
[WhiteElo "1804"]
[BlackElo "2222"]
[PlyCount "116"]
[EventDate "2015.04.03"]
[EventType "swiss"]
[EventRounds "7"]
[EventCountry "WLS"]
[SourceTitle "CBM 165 Extra"]
[Source "ChessBase"]
[SourceDate "2015.04.21"]
[SourceVersion "1"]
[SourceVersionDate "2015.04.21"]
[SourceQuality "1"]

1. e4 Nf6 2. Nc3 e5 3. f4 d5 4. fxe5 Nxe4 5. Nf3 Bb4 6. Qe2 Bxc3 7. bxc3 0-0 8. Bb2 c5 9. d3 Ng5 10. 0-0-0 Nc6 11. d4 cxd4 12. cxd4 Ne4 13. Qe3 Qa5 14. a3 b5 15. Nd2 Nxd2 16. Rxd2 Bf5 17. Kd1 Rac8 18. c3 Qa4+ 19. Ke1 f6 20. Be2 fxe5 21. dxe5 Be4 22. Bg4 Rce8 23. Bd7 Nxe5 24. Bxe8 Rxe8 25. Re2 Nd3+ 26. Qxd3 Bxd3 27. Rxe8+ Kf7 28. Re3 Qc2 29. h4 Bc4 30. Rhh3 Qb1+ 31. Kf2 Qxb2+ 32. Kg1 Qc1+ 33. Kh2 Qxa3 34. Rhf3+ Kg6 35. h5+ Kh6 36. g4 Qd6+ 37. Kh3 d4 38. cxd4 Qxd4 39. Kh4 Qd8+ 40. Kh3 a5 41. Re5 Qd4 42. Rfe3 a4 43. Kh4 g5+ 44. hxg6 Kxg6 45. Rg5+ Kf6 46. Rf5+ Kg7 47. Rg5+ Kf8 48. Rf5+ Bf7 49. Ref3 Qc4 50. Kg5 b4 51. Kh6 b3 52. R3f4 Qxf4+ 53. Rxf4 a3 54. g5 b2 55. Rb4 a2 56. g6 hxg6 57. Kh7 b1Q 58. Rh4 a1Q 0-1

[Event "WLS-ch 61st"]
[Site "Cardiff"]
[Date "2015.04.05"]
[Round "5"]
[White "Blackburn, Jonathan LB"]
[Black "Thomas, Ben"]
[Result "1-0"]
[WhiteElo "2173"]
[BlackElo "1804"]
[PlyCount "57"]
[EventDate "2015.04.03"]
[EventType "swiss"]
[EventRounds "7"]
[EventCountry "WLS"]
[SourceTitle "CBM 165 Extra"]
[Source "ChessBase"]
[SourceDate "2015.04.21"]
[SourceVersion "1"]
[SourceVersionDate "2015.04.21"]
[SourceQuality "1"]

1. d4 b6 2. c4 Bb7 3. Nc3 e6 4. a3 Nf6 5. Bg5 Be7 6. Nf3 d5 7. e3 0-0 8. Bd3 dxc4 9. Bxc4 Nd5 10. Bxe7 Qxe7 11. Rc1 Nd7 12. Nxd5 exd5 13. Bb5 Nf6 14. Bc6 Rab8 15. Qa4 Qe4 16. 0-0 Bxc6 17. Rxc6 Rb7 18. Qa6 Rfb8 19. Ne5 b5 20. Qa5 Rc8 21. Rc5 Qf5 22. Qa6 Rb6 23. Qxa7 Ne8 24. Rxc7 Rxc7 25. Qxb6 f6 26. Qxb5 Qe6 27. Nd3 Nd6 28. Qa5 Rc2 29. Nf4 1-0

[Event "WLS-ch 61st"]
[Site "Cardiff"]
[Date "2015.04.04"]
[Round "3"]
[White "Thomas, Ben"]
[Black "Bevan, Peter M"]
[Result "1-0"]
[WhiteElo "1804"]
[BlackElo "1993"]
[PlyCount "115"]
[EventDate "2015.04.03"]
[EventType "swiss"]
[EventRounds "7"]
[EventCountry "WLS"]
[SourceTitle "CBM 165 Extra"]
[Source "ChessBase"]
[SourceDate "2015.04.21"]
[SourceVersion "1"]
[SourceVersionDate "2015.04.21"]
[SourceQuality "1"]

1. e4 e6 2. d4 d5 3. exd5 exd5 4. c4 Nf6 5. Bg5 Be7 6. Nc3 dxc4 7. Bxc4 0-0 8. Nge2 c6 9. a3 Nbd7 10. 0-0 Nb6 11. Bd3 Nbd5 12. Qc2 h6 13. Bd2 Be6 14. Rad1 Bd6 15. Ng3 Qc7 16. Kh1 Nf4 17. Nce4 Nxe4 18. Bxe4 Qb6 19. Qc1 Qc7 20. Be3 Nd5 21. Nf5 Bxf5 22. Bxf5 Bf4 23. g3 Nxe3 24. fxe3 Bg5 25. Qc3 Rfe8 26. Rfe1 Bf6 27. Qc4 Qa5 28. e4 Qb5 29. Qxb5 cxb5 30. e5 Be7 31. Bd7 Red8 32. Bxb5 Rac8 33. d5 Rc2 34. d6 Bg5 35. b4 a6 36. Bd3 Rc3 37. h4 Bc1 38. Rxc1 Rxd3 39. Red1 Rxg3 40. Rc7 Rxa3 41. Rf1 Re3 42. Re7 Rh3+ 43. Kg2 Rxh4 44. d7 Kh7 45. Rfxf7 Rxb4 46. Re8 Rxd7 47. Rxd7 b5 48. e6 a5 49. e7 Re4 50. Ra8 a4 51. e8Q Rxe8 52. Rxe8 b4 53. Ra8 a3 54. Rb7 Kg6 55. Rxb4 a2 56. Rxa2 Kh5 57. Kg3 g5 58. Rh2+ 1-0

[Event "WLS-ch 61st"]
[Site "Cardiff"]
[Date "2015.04.03"]
[Round "2"]
[White "Stuart, Neil"]
[Black "Thomas, Ben"]
[Result "1/2-1/2"]
[WhiteElo "1940"]
[BlackElo "1804"]
[PlyCount "51"]
[EventDate "2015.04.03"]
[EventType "swiss"]
[EventRounds "7"]
[EventCountry "WLS"]
[SourceTitle "CBM 165 Extra"]
[Source "ChessBase"]
[SourceDate "2015.04.21"]
[SourceVersion "1"]
[SourceVersionDate "2015.04.21"]
[SourceQuality "1"]

1. d4 b6 2. c4 Bb7 3. Nf3 e6 4. e3 Nf6 5. Be2 d5 6. cxd5 exd5 7. 0-0 Be7 8. Nc3 0-0 9. Bd2 Nbd7 10. Rc1 c5 11. dxc5 bxc5 12. Qa4 a6 13. Rfd1 Qc7 14. Be1 Rfe8 15. Qc2 Rac8 16. Bd3 Bd6 17. h3 Qb8 18. Bf5 Rcd8 19. Ne2 Nf8 20. Qa4 d4 21. Ba5 Bxf3 22. gxf3 Re5 23. Bxd8 Rxf5 24. Bxf6 Rxf6 25. exd4 Qc8 26. dxc5 1/2-1/2

[Event "WLS-chT 1415"]
[Site "Cardiff"]
[Date "2015.03.15"]
[Round "5.12"]
[White "Thomas, Ben"]
[Black "Guha, Chirag"]
[Result "1-0"]
[WhiteElo "1804"]
[BlackElo "1645"]
[PlyCount "83"]
[EventDate "2014.10.19"]
[EventType "team-swiss"]
[EventRounds "7"]
[EventCountry "WLS"]
[SourceTitle "EXT 2016"]
[Source "ChessBase"]
[SourceDate "2015.10.08"]
[SourceVersion "1"]
[SourceVersionDate "2015.10.08"]
[SourceQuality "1"]

1. e4 e5 2. Nf3 Nc6 3. d4 exd4 4. Nxd4 Nf6 5. Nxc6 bxc6 6. Bd3 d5 7. e5 Nd7 8. 0-0 Be7 9. Re1 0-0 10. Bf4 Re8 11. c3 Nc5 12. Bc2 Bb7 13. Nd2 Ne6 14. Be3 c5 15. Nb3 a5 16. a4 d4 17. cxd4 Qd5 18. f3 Qc4 19. Bd3 Qb4 20. Bb5 Nxd4 21. Nxd4 cxd4 22. Bd2 Qc5 23. Bxe8 Rxe8 24. Qb3 Bd5 25. Qb5 d3+ 26. Kf1 Qxb5 27. axb5 Bh4 28. g3 Be7 29. Kg2 Bb4 30. Bxb4 axb4 31. Rad1 Bc4 32. Re4 Bxb5 33. Rxb4 Rxe5 34. Rxd3 g6 35. Rd2 c6 36. Re4 Rc5 37. Kf2 Rc1 38. Ke3 Kf8 39. Kf4 Kg7 40. Ke5 f5 41. Rd7+ Kg8 42. Kf6 1-0

[Event "WLS-chT 1415"]
[Site "Cardiff"]
[Date "2014.10.19"]
[Round "1.4"]
[White "Van Kemenade, Rudy"]
[Black "Thomas, Ben"]
[Result "0-1"]
[WhiteElo "1973"]
[BlackElo "1804"]
[PlyCount "84"]
[EventDate "2014.10.19"]
[EventType "team-swiss"]
[EventRounds "7"]
[EventCountry "WLS"]
[SourceTitle "EXT 2016"]
[Source "ChessBase"]
[SourceDate "2015.10.08"]
[SourceVersion "1"]
[SourceVersionDate "2015.10.08"]
[SourceQuality "1"]

1. f4 b6 2. e4 Bb7 3. d3 e6 4. Nf3 c5 5. g3 Nf6 6. Bg2 d5 7. e5 Nfd7 8. c4 Be7 9. 0-0 0-0 10. Qe2 a6 11. Nc3 Qc7 12. cxd5 exd5 13. f5 d4 14. Nd1 Nc6 15. Bf4 Qd8 16. a3 Re8 17. Qc2 b5 18. h4 Nb6 19. h5 Nd5 20. Nf2 Bc8 21. f6 gxf6 22. exf6 Bxf6 23. Qxc5 Bb7 24. Rae1 Nce7 25. Ne4 Nf5 26. Nxf6+ Qxf6 27. Bg5 Qg7 28. g4 Rec8 29. Qxc8+ Rxc8 30. gxf5 h6 31. f6 Qh7 32. Bh4 Ne3 33. Rf2 Kh8 34. Ng5 hxg5 35. Bxb7 gxh4 36. Bxc8 Qg8+ 37. Kh1 Qxc8 38. Rh2 Qf5 39. Kg1 Qg4+ 40. Kh1 Qf3+ 41. Kg1 Qg3+ 42. Kh1 Qxe1# 0-1

[Event "South Wales op 11th"]
[Site "Cardiff"]
[Date "2014.08.30"]
[Round "9"]
[White "Thomas, Ben"]
[Black "Rovaretti, David"]
[Result "0-1"]
[WhiteElo "1793"]
[BlackElo "1483"]
[PlyCount "74"]
[EventDate "2014.08.25"]
[EventType "swiss"]
[EventRounds "9"]
[EventCountry "WLS"]
[SourceTitle "CBM 162 Extra"]
[Source "ChessBase"]
[SourceDate "2014.10.17"]
[SourceVersion "1"]
[SourceVersionDate "2014.10.17"]
[SourceQuality "1"]

1. e4 e5 2. Nf3 Nc6 3. d4 exd4 4. Nxd4 Bc5 5. Be3 Qf6 6. c3 Nge7 7. Bc4 d6 8. 0-0 Ne5 9. Be2 h5 10. h3 Qg6 11. Kh1 Bd7 12. Nd2 0-0-0 13. b4 Bb6 14. a4 a6 15. a5 Ba7 16. b5 Qf6 17. f4 Ng4 18. Bg1 c5 19. b6 Bb8 20. N4b3 Bc6 21. Bxg4+ hxg4 22. Qxg4+ Bd7 23. Qf3 Rh6 24. Bh2 Rdh8 25. e5 Qg6 26. Ne4 Bc6 27. Rae1 Nf5 28. Qd3 Nh4 29. Rf2 Qe6 30. c4 dxe5 31. Nbxc5 Qe7 32. fxe5 Nxg2 33. Rxg2 Rxh3 34. Qe2 Qxe5 35. Qg4+ f5 36. Nd6+ Bxd6 37. Rxe5 fxg4 0-1

[Event "South Wales op 11th"]
[Site "Cardiff"]
[Date "2014.08.29"]
[Round "8"]
[White "Camp, Andrew R"]
[Black "Thomas, Ben"]
[Result "0-1"]
[WhiteElo "1392"]
[BlackElo "1793"]
[PlyCount "70"]
[EventDate "2014.08.25"]
[EventType "swiss"]
[EventRounds "9"]
[EventCountry "WLS"]
[SourceTitle "CBM 162 Extra"]
[Source "ChessBase"]
[SourceDate "2014.10.17"]
[SourceVersion "1"]
[SourceVersionDate "2014.10.17"]
[SourceQuality "1"]

1. d4 Nf6 2. Nf3 g6 3. Bf4 Bg7 4. e3 d6 5. c4 0-0 6. Nc3 Nfd7 7. Be2 a6 8. 0-0 e5 9. dxe5 dxe5 10. Bg3 Nc6 11. Qc2 Ne7 12. Rfd1 Qe8 13. Nd5 Nxd5 14. cxd5 f5 15. h3 f4 16. exf4 exf4 17. Bh2 Qe7 18. Re1 Nb6 19. Bc4 Qc5 20. Nd2 Bf5 21. Qb3 Bd4 22. d6+ Kh8 23. Re2 Rae8 24. Bxf4 Rxe2 25. Bxe2 Bxf2+ 26. Kh2 Bc2 27. Qe6 Rxf4 28. Qe8+ Kg7 29. d7 Nxd7 30. Qxd7+ Rf7 31. Qe6 Bf5 32. Ne4 Qe3 33. Qe5+ Kh6 34. Qe8 Bxe4 35. Qxf7 Qg3+ 0-1

[Event "South Wales op 11th"]
[Site "Cardiff"]
[Date "2014.08.28"]
[Round "7"]
[White "Thomas, Ben"]
[Black "Choo, Yin Benjamin"]
[Result "0-1"]
[WhiteElo "1793"]
[BlackElo "1457"]
[PlyCount "96"]
[EventDate "2014.08.25"]
[EventType "swiss"]
[EventRounds "9"]
[EventCountry "WLS"]
[SourceTitle "CBM 162 Extra"]
[Source "ChessBase"]
[SourceDate "2014.10.17"]
[SourceVersion "1"]
[SourceVersionDate "2014.10.17"]
[SourceQuality "1"]

1. e4 c5 2. c3 Nf6 3. e5 Nd5 4. Nf3 e6 5. Bc4 Nb6 6. Bb3 Nc6 7. d4 cxd4 8. cxd4 d6 9. Qe2 Be7 10. Nc3 0-0 11. Be3 Bd7 12. Bc2 Nb4 13. Bb1 dxe5 14. dxe5 N6d5 15. Nxd5 Nxd5 16. Qd3 g6 17. 0-0 Bc6 18. Nd4 Nxe3 19. Qxe3 Bd5 20. Be4 Bc5 21. Rfd1 Qd7 22. Qg5 Bxe4 23. Nf5 Qxd1+ 24. Rxd1 exf5 25. Rd7 Bc6 26. Rd3 h5 27. Qf6 Rfe8 28. Rg3 Re7 29. Qxf5 Kh7 30. Qf6 Rd7 31. h3 Re8 32. Rg5 Re6 33. Qf4 Kg7 34. b4 Rd4 35. Qg3 Bxb4 36. Rxh5 Rd5 37. Rf5 Bc3 38. Qxc3 gxf5 39. g4 fxg4 40. hxg4 Rd1+ 41. Kh2 Rh1+ 42. Kg3 Rg1+ 43. Kf4 Rg2 44. f3 Rf2 45. Kg5 Rxf3 46. Qd4 a6 47. a4 Rh3 48. a5 Rg6+ 0-1

[Event "South Wales op 11th"]
[Site "Cardiff"]
[Date "2014.08.27"]
[Round "6"]
[White "Bennett, Roger"]
[Black "Thomas, Ben"]
[Result "1-0"]
[WhiteElo "2019"]
[BlackElo "1793"]
[PlyCount "75"]
[EventDate "2014.08.25"]
[EventType "swiss"]
[EventRounds "9"]
[EventCountry "WLS"]
[SourceTitle "CBM 162 Extra"]
[Source "ChessBase"]
[SourceDate "2014.10.17"]
[SourceVersion "1"]
[SourceVersionDate "2014.10.17"]
[SourceQuality "1"]

1. e4 b6 2. d4 Bb7 3. Nc3 e6 4. Bd3 Bb4 5. Bd2 Bxc3 6. Bxc3 Nf6 7. Qe2 d5 8. e5 Ne4 9. Qg4 g6 10. Ne2 c5 11. f3 Nxc3 12. Nxc3 a6 13. a4 h5 14. Qf4 g5 15. Qg3 h4 16. Qf2 cxd4 17. Ne2 Nc6 18. f4 gxf4 19. Qxf4 Qc7 20. 0-0 Nxe5 21. Nxd4 0-0-0 22. Rae1 Nxd3 23. Qxc7+ Kxc7 24. Rxf7+ Rd7 25. Rxd7+ Kxd7 26. cxd3 Re8 27. Re5 Re7 28. Rh5 e5 29. Nf5 Rf7 30. Nxh4 Kd6 31. Rh6+ Kc5 32. Nf3 e4 33. d4+ Kb4 34. Rxb6+ Ka5 35. Ne5 Rf5 36. Rxb7 e3 37. b3 e2 38. Nc6# 1-0

[Event "South Wales op 11th"]
[Site "Cardiff"]
[Date "2014.08.27"]
[Round "5"]
[White "Thomas, Ben"]
[Black "Turner, Joseph David"]
[Result "0-1"]
[WhiteElo "1793"]
[BlackElo "1990"]
[PlyCount "78"]
[EventDate "2014.08.25"]
[EventType "swiss"]
[EventRounds "9"]
[EventCountry "WLS"]
[SourceTitle "CBM 162 Extra"]
[Source "ChessBase"]
[SourceDate "2014.10.17"]
[SourceVersion "1"]
[SourceVersionDate "2014.10.17"]
[SourceQuality "1"]

1. e4 e5 2. Nf3 d6 3. d4 f5 4. dxe5 fxe4 5. Ng5 d5 6. e6 Nc6 7. Nc3 Bb4 8. Nf7 Qf6 9. Bb5 Bxe6 10. Nxh8 d4 11. a3 dxc3 12. axb4 cxb2 13. Bxb2 Qxb2 14. 0-0 Nf6 15. Qd2 Kf8 16. Bxc6 bxc6 17. Rfb1 Qe5 18. Ra5 Qd6 19. Qxd6+ cxd6 20. Rba1 d5 21. Rxa7 Rxa7 22. Rxa7 Bd7 23. Kf1 d4 24. Ke2 Be6 25. h3 Nd5 26. Rb7 Nf4+ 27. Kd2 Nxg2 28. Rb8+ Ke7 29. Rb7+ Kf6 30. Ra7 Bc4 31. Ra3 e3+ 32. fxe3 dxe3+ 33. Rxe3 Nxe3 34. Kxe3 g5 35. Kd4 Be6 36. c4 Bxh3 37. b5 cxb5 38. cxb5 Bg2 39. Kc5 Kg7 0-1

[Event "South Wales op 11th"]
[Site "Cardiff"]
[Date "2014.08.26"]
[Round "4"]
[White "Thomas, Ben"]
[Black "Morris, Charles F"]
[Result "0-1"]
[WhiteElo "1793"]
[BlackElo "2159"]
[PlyCount "72"]
[EventDate "2014.08.25"]
[EventType "swiss"]
[EventRounds "9"]
[EventCountry "WLS"]
[SourceTitle "CBM 162 Extra"]
[Source "ChessBase"]
[SourceDate "2014.10.17"]
[SourceVersion "1"]
[SourceVersionDate "2014.10.17"]
[SourceQuality "1"]

1. e4 e6 2. d4 d5 3. Nd2 Be7 4. Ngf3 Nf6 5. e5 Nfd7 6. Bd3 c5 7. c3 Nc6 8. 0-0 g5 9. Bb5 g4 10. Ne1 cxd4 11. cxd4 Nxd4 12. Bxd7+ Bxd7 13. Qxg4 Qb6 14. a4 h5 15. Qg7 Rf8 16. b3 Ne2+ 17. Kh1 Qd4 18. Nc2 Qd3 19. Ne1 Qc3 20. Ra2 Nxc1 21. Rc2 Qa5 22. Qh6 Rc8 23. Rxc8+ Bxc8 24. Nc2 Nd3 25. Qe3 Nb4 26. Nd4 Bd7 27. Rc1 Nc6 28. Nb5 a6 29. Nd6+ Bxd6 30. exd6 Qb4 31. Rc5 d4 32. Qg5 f6 33. Qxh5+ Kd8 34. Qh6 Rf7 35. Rc2 Qxd6 36. Ne4 Qe5 0-1

[Event "South Wales op 11th"]
[Site "Cardiff"]
[Date "2014.08.25"]
[Round "1"]
[White "Pye, Jeremy C"]
[Black "Thomas, Ben"]
[Result "0-1"]
[WhiteElo "1047"]
[BlackElo "1793"]
[PlyCount "46"]
[EventDate "2014.08.25"]
[EventType "swiss"]
[EventRounds "9"]
[EventCountry "WLS"]
[SourceTitle "CBM 162 Extra"]
[Source "ChessBase"]
[SourceDate "2014.10.17"]
[SourceVersion "1"]
[SourceVersionDate "2014.10.17"]
[SourceQuality "1"]

1. Nf3 b6 2. e4 Bb7 3. Nc3 e6 4. Bc4 Bb4 5. a3 Bxc3 6. dxc3 Bxe4 7. Qe2 Bb7 8. Bf4 Nf6 9. 0-0-0 0-0 10. Qd3 d5 11. Ng5 Nbd7 12. Bb5 c6 13. Ba4 e5 14. Bd2 Nc5 15. Qg3 Nxa4 16. Qxe5 h6 17. b3 Nc5 18. Rhe1 hxg5 19. Bxg5 Re8 20. Qg3 Nce4 21. Rxe4 Nxe4 22. Qg4 Qxg5+ 23. Qxg5 Nxg5 0-1

[Event "South Wales op 11th"]
[Site "Cardiff"]
[Date "2014.08.25"]
[Round "2"]
[White "Thomas, Ben"]
[Black "Hollan, Petr"]
[Result "0-1"]
[WhiteElo "1793"]
[BlackElo "2030"]
[PlyCount "126"]
[EventDate "2014.08.25"]
[EventType "swiss"]
[EventRounds "9"]
[EventCountry "WLS"]
[SourceTitle "CBM 162 Extra"]
[Source "ChessBase"]
[SourceDate "2014.10.17"]
[SourceVersion "1"]
[SourceVersionDate "2014.10.17"]
[SourceQuality "1"]

1. e4 e6 2. Ne2 d5 3. e5 c5 4. d4 cxd4 5. Nxd4 Nc6 6. Nxc6 bxc6 7. Be3 Ne7 8. Bc5 Ng6 9. Bxf8 Nxf8 10. Qd2 Ng6 11. f4 f6 12. Bd3 0-0 13. Bxg6 hxg6 14. Qe3 fxe5 15. fxe5 Rf5 16. Nd2 Qb6 17. Qxb6 Rxe5+ 18. Qe3 Rxe3+ 19. Kf2 Re5 20. g4 d4 21. Nf3 Rc5 22. Rac1 e5 23. Rhe1 Bxg4 24. Rxe5 Rc4 25. b3 Rc3 26. Nxd4 Rf8+ 27. Kg1 Bh3 28. Ne2 Rxc2 29. Ra1 Rxa2 30. Rc1 Rf3 31. b4 Rb2 32. Re4 g5 33. Rd1 Kh7 34. Re1 Bf5 35. Rd4 Re3 36. Kf2 Re7 37. Kf1 Bh3+ 38. Kf2 Bc8 39. Rd3 Rxb4 40. Red1 Bg4 41. R1d2 Rxe2+ 42. Rxe2 Bxe2 43. Kxe2 Rb2+ 44. Kf3 Rxh2 45. Rd6 Rh6 46. Rd7 Rf6+ 47. Kg4 Kg6 48. Rxa7 Rf4+ 49. Kg3 c5 50. Rc7 Rc4 51. Kf3 Kh5 52. Rxg7 Rc3+ 53. Ke4 Kg4 54. Rh7 Rc1 55. Rh2 Re1+ 56. Kd5 Kg3 57. Rh8 g4 58. Kxc5 Kg2 59. Kd4 g3 60. Rg8 Kf2 61. Rf8+ Kg1 62. Rg8 g2 63. Kd5 Kf2 0-1

[Event "South Wales op 11th"]
[Site "Cardiff"]
[Date "2014.08.25"]
[Round "3"]
[White "Varley, Peter"]
[Black "Thomas, Ben"]
[Result "0-1"]
[WhiteElo "2215"]
[BlackElo "1793"]
[PlyCount "102"]
[EventDate "2014.08.25"]
[EventType "swiss"]
[EventRounds "9"]
[EventCountry "WLS"]
[SourceTitle "CBM 162 Extra"]
[Source "ChessBase"]
[SourceDate "2014.10.17"]
[SourceVersion "1"]
[SourceVersionDate "2014.10.17"]
[SourceQuality "1"]

1. d4 Nf6 2. c4 g6 3. Nc3 Bg7 4. e4 d6 5. Be2 0-0 6. Bg5 Nbd7 7. Qd2 e5 8. d5 Nc5 9. f3 a5 10. Bd1 Bd7 11. Nge2 Qe8 12. 0-0 Kh8 13. Ng3 Ng8 14. Bc2 h6 15. Be3 f5 16. exf5 gxf5 17. f4 e4 18. Bd4 Nf6 19. Rae1 Qg6 20. Nd1 Kh7 21. Ne3 Rg8 22. b3 h5 23. Nh1 Ng4 24. Bxg7 Rxg7 25. Nxg4 Qxg4 26. Re3 h4 27. Bd1 Qg6 28. Rh3 Qh6 29. Ng3 Rag8 30. Nh5 Rxg2+ 31. Qxg2 Rxg2+ 32. Kxg2 Qg6+ 33. Kh1 Nd3 34. Rxh4 Kg8 35. Rh3 Kf8 36. Be2 Qh6 37. Rg3 Be8 38. Rg5 Bg6 39. h4 e3 40. Bxd3 Bxh5 41. Rxf5+ Ke7 42. Rg5 e2 43. Bxe2 Bxe2 44. Rf2 Qxh4+ 45. Kg1 Bd3 46. Rg7+ Kf6 47. Rxc7 Be4 48. Kf1 Qh3+ 49. Ke1 Qc3+ 50. Kf1 Bxd5 51. Rd7 Qh3+ 0-1

[Event "WLS-ch 60th"]
[Site "Cardiff"]
[Date "2014.04.21"]
[Round "6"]
[White "Fathallah, Joe"]
[Black "Thomas, Ben"]
[Result "1-0"]
[WhiteElo "1943"]
[BlackElo "1790"]
[PlyCount "63"]
[EventDate "2014.04.18"]
[EventType "swiss"]
[EventRounds "7"]
[EventCountry "WLS"]
[SourceTitle "CBM 160 Extra"]
[Source "ChessBase"]
[SourceDate "2014.07.01"]
[SourceVersion "1"]
[SourceVersionDate "2014.07.01"]
[SourceQuality "1"]

1. d4 Nf6 2. c4 g6 3. Nc3 Bg7 4. e4 d6 5. f3 0-0 6. Be3 e5 7. d5 Qe7 8. Qd2 Nbd7 9. Nge2 Ne8 10. 0-0-0 a6 11. g4 b5 12. Ng3 bxc4 13. Bxc4 Nb6 14. Bd3 Bd7 15. h4 a5 16. Rh2 f6 17. Rg1 Rb8 18. g5 f5 19. exf5 gxf5 20. Nh5 f4 21. Bxb6 cxb6 22. Nxg7 Nxg7 23. h5 Bf5 24. h6 Ne8 25. g6 hxg6 26. Bxf5 Rxf5 27. Rxg6+ Kh8 28. Qg2 Nf6 29. Rg7 Qe8 30. h7 Rh5 31. Rg8+ Kxh7 32. Qg7# 1-0

[Event "WLS-ch 60th"]
[Site "Cardiff"]
[Date "2014.04.21"]
[Round "7"]
[White "Thomas, Ben"]
[Black "Buttell, David"]
[Result "1-0"]
[WhiteElo "1790"]
[BlackElo "1875"]
[PlyCount "83"]
[EventDate "2014.04.18"]
[EventType "swiss"]
[EventRounds "7"]
[EventCountry "WLS"]
[SourceTitle "CBM 160 Extra"]
[Source "ChessBase"]
[SourceDate "2014.07.01"]
[SourceVersion "1"]
[SourceVersionDate "2014.07.01"]
[SourceQuality "1"]

1. e4 c5 2. c3 d5 3. exd5 Qxd5 4. d4 Nf6 5. Be3 cxd4 6. cxd4 e6 7. Nf3 Nc6 8. Nc3 Bb4 9. Bd3 0-0 10. 0-0 Qd6 11. a3 Bxc3 12. bxc3 Ne7 13. Ne5 Ng6 14. Nc4 Qc7 15. Rc1 b6 16. Nd2 Bb7 17. f3 Rac8 18. c4 Nf4 19. Bb1 b5 20. g3 Nh3+ 21. Kg2 Ng4 22. Qe2 e5 23. Kxh3 Nxe3 24. Qxe3 exd4 25. Qxd4 Rcd8 26. Qh4 Qd7+ 27. g4 g6 28. Rfd1 h5 29. Ne4 hxg4+ 30. fxg4 Qxd1 31. Rxd1 Rxd1 32. Ng5 Kg7 33. Qh7+ Kf6 34. Qh6 Re8 35. Nh7+ Ke7 36. Qg5+ Kd7 37. Nf6+ Kd8 38. Nxe8+ Kxe8 39. Qxb5+ Rd7 40. c5 a6 41. Qa4 Bc8 42. Bd3 1-0

[Event "WLS-ch 60th"]
[Site "Cardiff"]
[Date "2014.04.19"]
[Round "4"]
[White "Thomas, Ben"]
[Black "Miles, Richard"]
[Result "1/2-1/2"]
[WhiteElo "1790"]
[BlackElo "2065"]
[PlyCount "54"]
[EventDate "2014.04.18"]
[EventType "swiss"]
[EventRounds "7"]
[EventCountry "WLS"]
[SourceTitle "CBM 160 Extra"]
[Source "ChessBase"]
[SourceDate "2014.07.01"]
[SourceVersion "1"]
[SourceVersionDate "2014.07.01"]
[SourceQuality "1"]

1. e4 c5 2. c3 d5 3. exd5 Qxd5 4. d4 Nf6 5. Na3 a6 6. Be3 cxd4 7. cxd4 e6 8. Nc2 Be7 9. Nf3 Nbd7 10. Bd3 Qa5+ 11. Bd2 Qd8 12. 0-0 0-0 13. Qe2 b6 14. Nb4 Bxb4 15. Bxb4 Re8 16. Bd6 Nf8 17. Bg3 Ng6 18. Rac1 Nd5 19. h4 Bb7 20. Qd2 Rc8 21. h5 Nf8 22. Bh4 Qd6 23. Ne5 Qb4 24. Qxb4 Nxb4 25. Bb1 b5 26. a3 Nd5 27. Be4 f6 1/2-1/2

[Event "WLS-ch 60th"]
[Site "Cardiff"]
[Date "2014.04.19"]
[Round "3"]
[White "Van Kemenade, Rudy"]
[Black "Thomas, Ben"]
[Result "0-1"]
[WhiteElo "2001"]
[BlackElo "1790"]
[PlyCount "70"]
[EventDate "2014.04.18"]
[EventType "swiss"]
[EventRounds "7"]
[EventCountry "WLS"]
[SourceTitle "CBM 160 Extra"]
[Source "ChessBase"]
[SourceDate "2014.07.01"]
[SourceVersion "1"]
[SourceVersionDate "2014.07.01"]
[SourceQuality "1"]

1. e4 c5 2. Nf3 d6 3. Bb5+ Nc6 4. 0-0 Nf6 5. Re1 Bd7 6. c3 g6 7. h3 Bg7 8. d4 0-0 9. Bf1 e6 10. Nbd2 Qc7 11. a4 Rad8 12. g3 b6 13. Bg2 Bc8 14. Qe2 Nd7 15. d5 exd5 16. exd5 Nce5 17. Nxe5 Nxe5 18. f4 Nd7 19. Nf3 Nf6 20. c4 Rfe8 21. Qf1 Ba6 22. Ra3 Nxd5 23. Rxe8+ Rxe8 24. Ng5 Nb4 25. f5 Nc2 26. fxg6 hxg6 27. Bd5 Re1 28. Bxf7+ Kh8 29. Qxe1 Nxe1 30. Kf1 Nc2 31. Rf3 Qe7 32. Be6 Bxc4+ 33. Bxc4 Qe1+ 34. Kg2 Qxc1 35. Nf7+ Kh7 0-1

[Event "WLS-ch 60th"]
[Site "Cardiff"]
[Date "2014.04.18"]
[Round "2"]
[White "Ehsandar, Peter"]
[Black "Thomas, Ben"]
[Result "1-0"]
[WhiteElo "1959"]
[BlackElo "1790"]
[PlyCount "63"]
[EventDate "2014.04.18"]
[EventType "swiss"]
[EventRounds "7"]
[EventCountry "WLS"]
[SourceTitle "CBM 160 Extra"]
[Source "ChessBase"]
[SourceDate "2014.07.01"]
[SourceVersion "1"]
[SourceVersionDate "2014.07.01"]
[SourceQuality "1"]

1. e4 c5 2. Nf3 d6 3. d4 cxd4 4. Nxd4 Nf6 5. Nc3 Bd7 6. Be3 Nc6 7. f3 g6 8. Qd2 Bg7 9. Bc4 0-0 10. h4 Rc8 11. Bb3 Na5 12. h5 Nxb3 13. axb3 a6 14. Bh6 Qb6 15. Bxg7 Kxg7 16. 0-0-0 Qa5 17. Kb1 Rg8 18. g4 Rc5 19. hxg6 fxg6 20. g5 Nh5 21. f4 Kf7 22. Qe3 Ke8 23. Rde1 e5 24. fxe5 dxe5 25. Nf5 gxf5 26. Rxh5 f4 27. Qd2 Rg7 28. g6 hxg6 29. Rh8+ Kf7 30. Qxd7+ Kf6 31. Rf8+ Kg5 32. Rg1+ 1-0